| 000 | 00973nam a2200229 a 4500 | ||
|---|---|---|---|
| 008 | 210211s2006 ||||||||||||||||| || u | ||
| 020 | _a9780964954830 | ||
| 050 | _aLB 2331 Ame | ||
| 110 | _aAmerican Association of University Professors | ||
| 245 | 1 | 0 | _aAmerican association of university professors : policy documents and reports (10th edition) |
| 250 | _a10th edition | ||
| 260 |
_aWashington _bAmerican Association of University Professors _c2006 |
||
| 300 | _axii, 326 pages | ||
| 650 | _aUNIVERSITIES AND COLLEGES--FACULTY | ||
| 650 | 0 | _aCOLLEGE TEACHERS--PROFESSIONAL ETHICS | |
| 650 | _aACADEMIC FREEDOM | ||
| 650 | _aTEACHING, FREEDOM OF | ||
| 650 | _aUNIVERSITIES AND COLLEGES--ADMINISTRATION | ||
| 650 | 0 | _aCOLLEGE TEACHERS | |
| 650 | _aAMERICAN ASSOCIATION OF UNIVERSITY PROFESSORS | ||
| 995 |
_D117.40 _FCBU-MAIN LIBRARY (Kitwe) _M1 _UAVAILABLE _WFeb 17, 2021 _ZMain Library Open Access Collection |
||
| 999 |
_c34143 _d34143 |
||